| 000 | 01555 a2200229 4500 | ||
|---|---|---|---|
| 001 | 26887 | ||
| 005 | 20260407155546.0 | ||
| 008 | 260407a1981 arg spa d | ||
| 003 | AR-UNSa-BCEJYS | ||
| 040 |
_aAR-UNSa-BCEJYS _bspa _cAR-UNSa-BCEJYS |
||
| 080 |
_a711(09) _xHistoría del Urbanismo |
||
| 245 | 1 | 0 |
_aHistoria del urbanismo _pEl siglo XIX |
| 020 | _a84-7088-261-9 | ||
| 264 | 1 |
_aMadrid : _bInstituto de Estudios de Administración Local _c1981 |
|
| 300 |
_a2v. (622; 584 p.) _c25 cm. |
||
| 505 | _aVol. I: 1. Los fenomenos territoriales y urbanos en el cuadro del crecimiento del capitalismo industrial - 2. La evolución del urbanismo en Gran Bretaña en el curso del siglo XIX - 3. La evolución del urbanismo en Francia en el curso del siglo XIX - 4. La evolución del urbanismo en Alemania en el curso del siglo XIX - 5. La evolución del urbanismo en las demás naciones europeas en el curso del siglo XIX - 6. La evolución del urbanismo en la Italia unificada -- Vol. II: 7. La evolución del urbanismo en los Estados Unidos de América - 8. La evolución del urbanismo en los demás países ligados al sistema capitalista - 9. Planes urbanisticos y política territorial en la organización de las colinas - 10. Las ciudades especializadas del trabajo y del tiempo libre - 11. Las expresiones de la ciudad decimononica - 12. Crítica, rechazo y corrección de la ciudad capitalista | ||
| 041 | _aspa | ||
| 942 | _cBK | ||
| 590 | _aniveau_biblio:m niveau_hierar:0 | ||
| 100 | 1 | _aSica, Paolo | |
| 700 | 1 | _aHernández Orozco, Joaquín | |
| 999 |
_c1508 _d1508 |
||